[Event "C.to Italiano Semifinale"]
[Site "Civitanova Marche ITA"]
[Date "2013.07.28"]
[Round "9"]
[White "Moroni, Luca jr"]
[Black "Vezzosi, Paolo"]
[WhiteElo "2211"]
[BlackElo "2281"]
[Result "1/2-1/2"]
[PlyCount "80"]
[EventDate "2013.07.20"]

1. Nf3 d5 2. c4 e6 3. g3 Nf6 4. Bg2 Be7 5. O-O O-O 6. b3 c5 7. e3 Nc6 8. Bb2 b6
9. Qe2 Ba6 10. Ne5 Nxe5 11. Bxe5 Qd7 12. Rd1 Rad8 13. Bb2 b5 14. cxd5 exd5 15.
d4 c4 16. bxc4 bxc4 17. Nc3 Bb4 18. Rab1 Qf5 19. a3 Ba5 20. Ba1 Rfe8 21. Rdc1
Bc8 22. Rb5 Bxc3 23. Bxc3 h5 24. Ba5 Rd7 25. Qc2 Qxc2 26. Rxc2 Ba6 27. Rb1 Rb7
28. Rxb7 Bxb7 29. Rb2 Bc6 30. h4 Kh7 31. Kf1 Kg6 32. Ke2 Ne4 33. Be1 f5 34.
Bxe4 fxe4 35. Ba5 Rc8 36. Bc3 Kf5 37. Rb1 Kg4 38. Rb2 Kh3 39. Kf1 Rf8 40. Ba5
Rg8 1/2-1/2

[Event "C.to Italiano Semifinale"]
[Site "Civitanova Marche ITA"]
[Date "2013.07.28"]
[Round "9"]
[White "Pescatore, Lorenzo"]
[Black "Boscolo, Federico"]
[WhiteElo "2230"]
[BlackElo "2349"]
[Result "1/2-1/2"]
[PlyCount "51"]
[EventDate "2013.07.20"]

1. e4 c5 2. c3 d5 3. exd5 Qxd5 4. d4 Nc6 5. Nf3 Bf5 6. Be3 Nf6 7. Na3 cxd4 8.
Nxd4 O-O-O 9. Nab5 Nxd4 10. Qxd4 Qxd4 11. Nxd4 Be4 12. f3 Bg6 13. Bc4 Nd5 14.
Bf2 e6 15. O-O Bc5 16. Rad1 a6 17. Rfe1 Rd7 18. Nb3 Bxf2+ 19. Kxf2 Rhd8 20.
Bxd5 Rxd5 21. Rxd5 Rxd5 22. f4 Rb5 23. Re2 Bd3 24. Rd2 Bb1 25. Nc1 Rc5 26. a3
1/2-1/2

[Event "C.to Italiano Semifinale"]
[Site "Civitanova Marche ITA"]
[Date "2013.07.28"]
[Round "9"]
[White "Rambaldi, Francesco"]
[Black "Xia, Jie"]
[WhiteElo "2347"]
[BlackElo "2287"]
[Result "1-0"]
[PlyCount "84"]
[EventDate "2013.07.20"]

1. Nf3 Nf6 2. c4 d6 3. g3 g6 4. Bg2 Bg7 5. O-O O-O 6. Nc3 c6 7. d4 Bf5 8. Ng5
h6 9. e4 Bg4 10. Nf3 e5 11. d5 c5 12. h3 Bd7 13. Qe2 Na6 14. a3 Nc7 15. b4 b6
16. Rb1 Rb8 17. Be3 Nfe8 18. Nb5 Nxb5 19. cxb5 cxb4 20. Rxb4 Rc8 21. Qd2 Kh7
22. Rc1 Rxc1+ 23. Qxc1 f5 24. exf5 gxf5 25. Rh4 f4 26. Bd2 Kg8 27. Nh2 Nf6 28.
Qc2 Qc8 29. Qxc8 Rxc8 30. gxf4 e4 31. Ng4 Bxg4 32. hxg4 Rc4 33. g5 Nxd5 34.
gxh6 Bc3 35. Be3 Nf6 36. f3 Be1 37. Rh2 d5 38. fxe4 dxe4 39. Bh3 Kh8 40. Be6
Rc3 41. Bd4 Rg3+ 42. Rg2 Bc3 1-0

[Event "C.to Italiano Semifinale"]
[Site "Civitanova Marche ITA"]
[Date "2013.07.28"]
[Round "9"]
[White "Rombaldoni, Axel"]
[Black "De Filomeno, Simone"]
[WhiteElo "2494"]
[BlackElo "2385"]
[Result "1-0"]
[PlyCount "179"]
[EventDate "2013.07.20"]

1. e4 c5 2. Nf3 d6 3. d4 cxd4 4. Nxd4 Nf6 5. Nc3 a6 6. g3 g6 7. Bg2 Bg7 8. O-O
Bg4 9. Nde2 Nc6 10. h3 Bxe2 11. Qxe2 Nd7 12. Nd5 O-O 13. c3 e6 14. Ne3 Qc7 15.
Rd1 Nb6 16. Ng4 Ne5 17. Bh6 Nxg4 18. Bxg7 Kxg7 19. Qxg4 Rfd8 20. Rd4 Rd7 21.
Rad1 Rad8 22. Qe2 d5 23. exd5 Nxd5 24. a4 Nf6 25. Rxd7 Rxd7 26. Rxd7 Nxd7 27.
Qd3 e5 28. a5 f5 29. b4 Nf6 30. c4 h5 31. c5 h4 32. g4 e4 33. Qd4 Qf4 34. b5
fxg4 35. c6 gxh3 36. Qe3 Qe5 37. Bxh3 bxc6 38. bxc6 Nd5 39. Qa7+ Nc7 40. Qb6 e3
41. Qxe3 Qxa5 42. Qe7+ Kh6 43. Qf8+ Kh7 44. Qf6 Kh6 45. Kh2 Qb6 46. Kg2 Qa5 47.
Kh2 Qb6 48. Qxh4+ Kg7 49. Qe7+ Kh6 50. Qf6 Kh7 51. Bg2 Nb5 52. Be4 Qc7+ 53. Kg2
Qg7 54. Qh4+ Qh6 55. Qe7+ Qg7 56. Qg5 Qf7 57. Qe5 Nc7 58. Kg3 Kg8 59. f3 Kh7
60. Bd3 Kg8 61. Qd6 Kh7 62. Bc4 Qg7 63. Qd7 a5 64. Qh3+ Qh6 65. Qd7+ Qg7 66.
Qh3+ Qh6 67. Bg8+ Kg7 68. Qd7+ Kxg8 69. Qd8+ Qf8 70. Qxc7 Qc5 71. Qd8+ Kf7 72.
c7 Qg1+ 73. Kf4 Qc1+ 74. Ke4 Qe1+ 75. Kd4 Qd2+ 76. Ke4 Qe1+ 77. Kd5 Qd1+ 78.
Kc5 Qc2+ 79. Kb6 Qb3+ 80. Ka7 Qe3+ 81. Ka8 Qxf3+ 82. Kb8 Qb3+ 83. Kc8 Qb6 84.
Qd7+ Kf8 85. Qd8+ Kf7 86. Qd5+ Ke7 87. Qe4+ Kf7 88. Qb7 Qd6 89. Kb8 Ke6 90. Ka8
1-0

[Event "C.to Italiano Semifinale"]
[Site "Civitanova Marche ITA"]
[Date "2013.07.28"]
[Round "9"]
[White "Stella, Andrea"]
[Black "Bruno, Fabio"]
[WhiteElo "2447"]
[BlackElo "2421"]
[Result "1/2-1/2"]
[PlyCount "30"]
[EventDate "2013.07.20"]

1. Nf3 d5 2. c4 c6 3. g3 Nf6 4. Bg2 e6 5. O-O Nbd7 6. d4 Be7 7. Nbd2 O-O 8. Qc2
b6 9. e4 dxe4 10. Nxe4 Bb7 11. Rd1 Nxe4 12. Qxe4 Nf6 13. Qe2 Qc7 14. Bf4 Bd6
15. Bxd6 Qxd6 1/2-1/2